Statistics for Non- Vocabulary Words Quiz

Click here to take the quiz!

General Stats

  • This quiz has been taken 21,265 times
    (5,253 since last reset)
  • The average score is 14 of 20

Answer Stats

Definition Word % Correct
Organization that doesn't make moneyNonprofit
97%
Like a frying pan that is
covered in Teflon
Nonstick
91%
One who doesn't use tobaccoNonsmoker
90%
A flight with no connections or layoversNonstop
88%
Something that can't catch fire is ...Nonflammable
86%
Like an injury that doesn't cause deathNonfatal
85%
Containing no milk productsNondairy
84%
Hogwash; balderdashNonsense
82%
Glue that is safe for children is …Nontoxic
78%
One who doesn't consume alcoholNondrinker
78%
A price that can't be lowered is …Nonnegotiable
76%
One who doesn't participate in electionsNonvoter
69%
Legal agreement to not
reveal a secret
Nondisclosure
67%
Surprised to the point of being
unsure how to react. Often misused
to mean "unimpressed".
Nonplussed
57%
A person between 90 and
100 years old
Nonagenarian
55%
Pact to not invade each otherNonaggression
50%
Neither Republican or DemocraticNonpartisan
50%
Not in a straight lineNonlinear
44%
Like Grover Cleveland's termsNonconsecutive
44%
Calm and relaxed. IndifferentNonchalant
34%

Score Distribution

Percentile by Number Answered

Percent of People with Each Score

Your Score History

You have not taken this quiz since the last reset